52 (Lowland) Division.

Map shows the return of the Division to Belgium in October of 1944, followed by march through the Netherlands and into Germany.

Bibliographic Details
Format: Map
Language:English
Published: [Place of publication not identified] : [publisher not identified], [1945?]
Subjects:

MARC

Tag First Indicator Second Indicator Subfields
LEADER 00000nem a2200000 i 4500
001 in00005614321
008 250124s1945 xxu a 0 eng d
007 aj canzn
005 20250124212429.3
035 |a (OCoLC)on1490016830 
040 |a TXA  |b eng  |e rda  |c TXA 
034 0 |a a  |d E0031000  |e E0091600  |f N0534200  |g N0504500  |2 bound 
035 |a (OCoLC)1490016830 
043 |a e-uk---  |a e-be---  |a e-ne---  |a e-gx--- 
050 4 |a G6011.S7 1945  |b .A15 
052 |a 6011 
052 |a 6000 
052 |a 6080 
245 0 0 |a 52 (Lowland) Division. 
246 3 |a 52nd (Lowland) Division 
255 |a Scale not given  |c (E 3°10ʹ00ʺ--E 9°16ʹ00ʺ/N 53°42ʹ00ʺ--N 50°45ʹ00ʺ). 
264 1 |a [Place of publication not identified] :  |b [publisher not identified],  |c [1945?] 
300 |a 1 map :  |b color ;  |c on sheet 51 x 76 cm 
336 |a cartographic image  |b cri  |2 rdacontent 
337 |a unmediated  |b n  |2 rdamedia 
338 |a sheet  |b nb  |2 rdacarrier 
520 |a Map shows the return of the Division to Belgium in October of 1944, followed by march through the Netherlands and into Germany. 
500 |a Pictorial elements highlight notable engagements and memorable experiences from a soldier's perspective. 
500 |a Surrounding the map are the names of various units that comprised the Division, as well as the insignia for the various corps, brigades, and armies to which it was attached. 
500 |a 3 additional maps: Landed in Brest, 11 June, 1940; evacuation from Cherbourg, 17 June 1940; defence of East Anglia, June - Nov, 1940 -- Defence & mountain training in Scotland, 1941-1942; assault course 1944 -- Training & waiting for the airborne operations that were cancelled 1944 [England]. 
610 1 0 |a Great Britain.  |b Army.  |b Royal Regiment of Artillery.  |b Lowland Division, 52nd  |x History  |v Maps. 
650 0 |a World War, 1939-1945  |x Campaigns  |z Belgium  |v Maps. 
650 0 |a World War, 1939-1945  |x Campaigns  |z Netherlands  |v Maps. 
650 0 |a World War, 1939-1945  |x Campaigns  |z Germany  |v Maps. 
650 0 |a World War, 1939-1945  |x Regimental histories  |z Great Britain  |v Maps. 
655 7 |a Thematic maps.  |2 lcgft 
655 7 |a Military maps.  |2 lcgft 
655 7 |a Pictorial maps.  |2 lcgft 
994 |a Z0  |b TXA 
948 |h HELD BY TXA - 0 OTHER HOLDINGS 
999 f f |s 7635a4b8-f92a-4162-a066-f8f32c509a4b  |i c07e052c-7b4c-4bc9-8575-9bf3215baf74  |t 0 
952 f f |p noncirc  |a Texas A&M University  |b College Station  |c Cushing Memorial Library & Archives  |d Cushing: Ragan Military (Does not check out)  |t 0  |e G6011.S7 1945 .A15  |f Flat File  |h Library of Congress classification  |i unmediated -- sheet  |m A14853223555 
998 f f |a G6011.S7 1945 .A15  |t 0  |l Cushing: Ragan Military (Does not check out)